000 00670nam a2200253 i 4500
001 C2-0276128
003 PPAK
005 20180728004655.0
008 061114s1997 nyua|||| ||||| | eng d
020 _a0026427834
040 _aPPAK
_beng
_cPPAK
_erda
082 0 4 _a155.5
_223
090 0 0 _a155.5
_bKEL
_dR
100 1 _aKelly-Plate, Joan,
_eauthor
245 1 0 _aToday's teen
264 1 _aNew York :
_bMcGraw-Hill ,
_c1997
300 _a640 pages :
_bcolour illustrations ;
_c25 cm
336 _2rdacontent
_atext
337 _2rdamedia
_aunmediated
338 _2rdacarrier
_avolume
650 1 0 _aAdolescent psychology.
700 _eauthor
942 _ddc
_cB
999 _c83661
_d83661